LIBRARY & INFORMATION CENTRE, KCAET, TAVANUR

ONLINE PUBLIC ACCESS CATALOGUE (OPAC)

Compound change gear and indexing problems / (Record no. 10593)

MARC details
000 -LEADER
fixed length control field 00378cam a2200145ua 4500
041 ## - LANGUAGE CODE
Language code of text/sound track or separate title eng
082 ## - DEWEY DECIMAL CLASSIFICATION NUMBER
Classification number 629.24
Item number HAR/CO
100 ## - MAIN ENTRY--AUTHOR NAME
Personal name Hardy, H W .
245 ## - TITLE STATEMENT
Title Compound change gear and indexing problems /
260 ## - PUBLICATION, DISTRIBUTION, ETC. (IMPRINT)
Place of publication :
Name of publisher Machinery Publishing Co Ltd..
300 ## - PHYSICAL DESCRIPTION
Number of Pages 77 :
Other physical details 506 ; .
942 ## - ADDED ENTRY ELEMENTS (KOHA)
Koha item type Books
Holdings
Withdrawn status Lost status Damaged status Home library Current library Date acquired Full call number Accession Number Koha item type
      KAUAET KAUAET 07/04/2012 629.24 3856 Books
free website counter